000 00368nam a2200133Ia 4500
005 20260328101531.0
008 260328s9999||||xx |||||||||||||| ||und||
100 _aBoza Díaz, Cristián
245 0 _aBalnearios Tradicionales de Chile :
_b su Arquitectura /
_cCristián Boza Díaz
260 _bMontt-Palumbo
300 _a173 p.
650 _aARQUITECTURA
942 _cBK
999 _c9996
_d9996